000 00551nam a22002057a 4500
003 0
005 20251111150003.0
008 251111b xxu||||| |||| 00| 0 eng d
020 _a0-440-29580-7
050 _aPS 3557
_b.G869 2000
100 _aGrisham, John,
_eauthor.
245 _aThe Brethren /
_cJohn Grisham.
260 _aNew York, NY :
_bIsland Books,
_c2000.
300 _a440 pages ;
_c18 cm.
650 _aMystery fiction.
650 _aPrisoners
_xFiction.
650 _aJudges
_xFiction.
650 _aLegal stories.
942 _2lcc
_cBK
999 _c368586
_d368586